01318nab a22002297a 4500999001500000003000400015005001700019008004100036040000700077100003400084245013700118260007300255300001300328500004500341505037100386505008900757650002000846650002900866650003000895773015000925942001301075 c5525d5525OSt20251215111620.0190604e xxu||||| |||| 00| 0 spa d cPJ 96505aGarcía Balcarce, Luis10aReforma de la Policía Federal Argentina : bmodernización institucional y nuevas facultades digitales /cLuis García Balcarce. aCiudad Autónoma de Buenos Aires :bThomson Reuters La Ley, c2025. ap. 60-63 aCita Online: TR LALEY AR/DOC/1925/2025.  aSumario: I. El contexto de la reforma.— II. Redefinición de la misión institucional.— III. Facultades ampliadas y competencias especializadas.— IV. Facultades digitales: oportunidades y desafíos para derechos fundamentales.— V. Consideraciones sobre implementación y equilibrios normativos.— VI. Reflexiones sobre la transformación institucional. t¿Te interesa el texto completo? Solicitalo al correo: koha@justierradelfuego.gov.ar 094027aPOLICÍA 09273aDERECHO INFORMATICO 0aCOOPERACION INTERNACIONAL0 0271493171dCiudad Autónoma de Buenos Aires : Thomson Reuters La Ley, 2014-tRevista anales de legislación argentina. Nº 11- Noviembre 2025. 2udccANA